| Record ID | marc_loc_2016/BooksAll.2016.part20.utf8:7465711:481 |
| Source | Library of Congress |
| Download Link | /show-records/marc_loc_2016/BooksAll.2016.part20.utf8:7465711:481?format=raw |
LEADER: 00481nam a22001817a 4500
001 89868246
003 DLC
005 19890519071919.6
008 890509s1988 cs 00000 slo
010 $a 89868246
020 $cKčs18.00
050 0 $aMLCS 89/01276 (P)
100 10 $aSabolová, Paula,$d1938-
245 10 $aBiele slony /$cPaula Sabolová.
250 $aVyd. 1.
260 0 $aBratislava :$bSlovenský spisovatel̕,$c1988.
300 $a133 p. ;$c21 cm.
490 0 $aNová próza